000 00769nam a22003010a 4500
001 PT747
003 AR-LpoUNG
005 20210131232636.0
008 191001s1985||||mx |||||||||||||||||spa d
037 _c$5.00
040 _aAR-LpoUNG
_bspa
_cAR-LpoUNG
_eaacr
041 _aspa
044 _amx
082 0 _a982 826
100 1 _aRoss, Stanley R.
245 1 0 _aBuenos Aires 400 años
260 _aMéxico, D. F. :
_bInstituto Panamericano de Geografía e Historia,
_c1985.
300 _a128 p. :
_bmapas
650 4 _aHISTORIA
650 4 _aHISTORIA LOCAL
650 4 _aHISTORIA NACIONAL
650 4 _aINVESTIGACION HISTORICA
650 4 _aZONAS URBANAS
651 4 _aArgentina
700 1 _aMcGann, Thomas
_eed.
905 _a747
942 _cLIB
999 _c16707
_d16707